000 00647nam a2200253Ia 4500
003 OSt
005 20220926030024.0
006 a|||||r|||| 00| 0
007 ta
008 220923b |||||||| |||| 00| 0 eng d
020 _a9280714317
037 _cGeneral Book
040 _aRTL
_cRTL
_beng
041 _2eng
_aeng
082 _aX4:(F555), N5
245 0 _aEnergy savings in the transport sector
260 _aParis
_bUN
_c1995
300 _a77p
_ccm.
490 _aIts, Technical Report; 25
650 _a Economics
650 _aTransport
942 _hX4:(F555), N5
_cGB
_2CC
999 _c648477
_d648477